Regionalización, descentralización y desarrollo regional

Saved in:
Bibliografiske detaljer
Institution som forfatter: CEAL (Author)
Format: Bog
Sprog:spansk
Udgivet: Santiago CEAL 1994
Fag:
Tags: Tilføj Tag
Ingen Tags, Vær først til at tagge denne postø!

MARC

LEADER 00000nam a2200000 a 4500
001 UCU8073
003 CL-VaPUC
005 20230908151715.0
008 960712e19940000cl 1 spa d
082 0 4 |a 352.007  |b CEA  |2 21 
110 2 |a CEAL  |e author  |9 617928 
245 1 0 |a Regionalización, descentralización y desarrollo regional 
260 |a Santiago  |b CEAL  |c 1994 
300 |a 198 p 
583 |a last modification  |c 20190821 10:20:41  |k Rodrigo Vera 
650 0 0 |a Descentralización administrativa (administración descentralizada)  |9 255464 
650 0 0 |a Regionalización   |9 255465 
650 0 0 |a Desarrollo regional  |9 354599 
650 0 7 |a GOBIERNO REGIONAL  |2 CL-VaPUC  |9 356897 
942 |c BK 
945 |a rbrito  |d 19960712 00:00:00 
546 |a En Español 
536 |a CEAL 
518 |p Seminario internacional: Regionalización descentralización y desarrollo regional, 1, Marbella, 11-12 de agosto de 1994 
999 |c 382710  |d 382708 
952 |0 0  |1 0  |4 0  |6 352_007000000000000_CEA_1994  |7 0  |8 A  |9 504535  |a BIBGIM  |b BIBGIM  |d 2020-01-23  |i 3337715  |l 1  |o 352.007 CEA 1994  |p 3337715  |r 2025-01-15  |s 2022-11-11  |w 2020-01-23  |y BK  |k GIM